Guess Games by Steam Reviews - Statistics

General Stats
  • This quiz has been taken 78 times
  • The average score is 4 of 20
Answer Stats
Year Review Game % Correct
2007 glados is kinda hot ngl Portal
77%
2017 1. You drop 2. Loot for 15 minutes 3. Get insane loot 4. Die to a 500th LVL player PUBG: Battlegrounds
48%
2017 My legs broke from being hungry Ark: Survival Evolved
43%
2019 I can say with confidence that I died More than twice Sekiro: Shadows Die Twice
33%
2009 I got to beat up mentally insane people in an asylum. 10/10 I am vengeance. Batman: Arkham Asylum
28%
2016 i liked the parts where i wasn't dying of starvation but did not like the parts where i was dying of everything else Don't Starve Together
28%
2015 tips: scroll down and press "manage my dlc" and remove the multiplayer and the campaign.
you have now saved 40gb of space.
Call of Duty: Black Ops III
22%
2012 I was going 60 in a 30 and got a fine, then shortly after flew over a roundabout and atomised a innocent family who were in my way. (Dont worry the cargo was delivered on time) Euro Truck Simulator 2
20%
2010 i wish italy was real Assassin's Creed II
18%
2020 I'VE GOT A JAR OF DIRT Sea of Thieves
18%
2015 Found a kid in a fridge. Sold him into slavery. 10/10 Fallout 4
17%
2021 Player - Flying through the sky. Anna - in 200 meters turn right. Forza Horizon 5
15%
2013 i like it when parts of the map change to my colour and my country's name gets bigger Europa Universalis IV
13%
2019 Whoever designed this Police Station was insane. Resident Evil 2
13%
2013 Who needs a gf when Ash Systems have a 13.33% chance from Rotation A of Venus Proxima Survival Warframe
8%
2018 monke Bloons TD 6
7%
2022 You can kill younglings!!!
Best Game!
GOTY!
10/10!
Lego Star Wars: The Skywalker Saga
5%
2015 I threw the baby into the oven. The Witcher 3: Wild Hunt
5%
2017 Just as geese fly south, so do I come back to this game every winter. The Long Dark
3%
2022 "Your life is actualy fun: the video game" Persona 5 Royal
2%
No matching quizzes found
Score Distribution
Percent of People with Each Score
Percentile by Number Answered
Your Score History
You have not taken this quiz